| 000 | 00846nam a2200229 a 4500 | ||
|---|---|---|---|
| 001 | 41655 | ||
| 003 | BD-RjUL | ||
| 005 | 20211209053429.0 | ||
| 008 | 160604r19581905ii ||||| |||| 00| d ben d | ||
| 035 | _a(BD-RjUL)41773 | ||
| 040 |
_aBD-RjUL _bben _cBD-RjUL |
||
| 041 | _aben | ||
| 082 |
_223 _a891.442 _bTAC 1958 |
||
| 100 |
_aঠাকুর, রবীন্দ্রনাথ _9127947 |
||
| 245 | 1 | 0 |
_aচিরকুমার-সভা' / _cরবীন্দ্রনাথ ঠাকুর |
| 250 | _aপুনর্লিখিত সং. | ||
| 260 |
_aকলিকাতা : _bবিশ্বভারতী, _c১৯২৬ [পুনর্মুদ্রণ ১৯৫৮] |
||
| 300 |
_a১৯১ পৃ. ; _c২০ সেমি. |
||
| 650 |
_aবাংলা নাটক _9127948 |
||
| 650 |
_aBengali Drama _9127949 |
||
| 942 |
_2ddc _cBK |
||
| 999 |
_c41655 _d41655 |
||